Statystyki dla Byłe flagi państw europejskich

Kliknij tutaj aby rozwiązać quiz!

Ogólne statystyki

  • Ten quiz został rozwiązany 4,415 razy
  • Średni wynik to 8 z 20

Statystyki odpowiedzi

Answer % poprawnych
Związek Socjalistycznych Republik Radzieckich
92%
Trzecia Rzesza Niemiecka
87%
Jugosławia
76%
Austro-Węgry
73%
Bułgaria
69%
Niemiercka Republika Demokratyczna
69%
Krolestwo Prus
54%
Portugalia
49%
Grecja
42%
Białoruś
34%
Wolne Miasto Gdańsk
32%
Macedonia
30%
Państwo Zakonu Krzyżackiego
30%
Gruzja
21%
Święte Cesarstwo Rzymskie
17%
Republika Wenecka
16%
Unia Kalmarska
12%
Monarchia Habsburgów
8%
Wołoszczyzna
4%
Królestwo Obojga Sycylii
3%

Rozkład punktacji

Percentyl według liczby udzielonych odpowiedzi

Procent ludzi z każdym wynikiem

Twoja historia wyników

Nie rozwiązałeś tego quizu